[Event "Russian Rapid Championship (m)"]
[Site "Sochi"]
[Date "2022.10.15"]
[Round "1.10"]
[White "Chigaev, Maksim"]
[Black "Muromtsev, Arthur"]
[Result "1-0"]
[BlackElo "2054"]
[WhiteElo "2540"]
[LiveChessVersion "1.4.8"]

1. e4 {[%clk 0:15:16]} e5 {[%clk 0:14:33]} 2. Nf3 {[%clk 0:15:20]} Nc6
{[%clk 0:14:41]} 3. Bc4 {[%clk 0:14:53]} Nf6 {[%clk 0:14:46]} 4. d3
{[%clk 0:14:58]} Bc5 {[%clk 0:14:40]} 5. a4 {[%clk 0:15:04]} a6 {[%clk 0:14:42]}
6. c3 {[%clk 0:15:06]} Ba7 {[%clk 0:14:45]} 7. O-O {[%clk 0:15:10]} d6
{[%clk 0:14:50]} 8. Re1 {[%clk 0:15:11]} h6 {[%clk 0:14:44]} 9. Nbd2
{[%clk 0:15:09]} Be6 {[%clk 0:12:07]} 10. Bxe6 {[%clk 0:14:43]} fxe6
{[%clk 0:12:16]} 11. Nf1 {[%clk 0:14:36]} O-O {[%clk 0:11:53]} 12. b4
{[%clk 0:14:43]} Nh5 {[%clk 0:07:25]} 13. Ra2 {[%clk 0:13:27]} Qf6
{[%clk 0:07:27]} 14. Be3 {[%clk 0:12:52]} Nf4 {[%clk 0:07:03]} 15. b5
{[%clk 0:10:58]} Ne7 {[%clk 0:05:42]} 16. d4 {[%clk 0:11:06]} g5 {[%clk 0:04:19]}
17. Bxf4 {[%clk 0:09:01]} gxf4 {[%clk 0:03:18]} 18. bxa6 {[%clk 0:06:29]} bxa6
{[%clk 0:03:27]} 19. dxe5 {[%clk 0:06:32]} dxe5 {[%clk 0:03:35]} 20. N1d2
{[%clk 0:06:41]} Rad8 {[%clk 0:03:17]} 21. Qe2 {[%clk 0:06:47]} a5
{[%clk 0:02:45]} 22. Qb5 {[%clk 0:06:47]} Bb6 {[%clk 0:01:46]} 23. Qxe5
{[%clk 0:06:31]} Qf7 {[%clk 0:01:24]} 24. Nc4 {[%clk 0:06:22]} Ng6
{[%clk 0:01:13]} 25. Qh5 {[%clk 0:06:19]} Kg7 {[%clk 0:01:22]} 26. h4
{[%clk 0:05:57]} Qf6 {[%clk 0:01:27]} 27. Rc2 {[%clk 0:05:04]} Rd3
{[%clk 0:01:25]} 28. Nce5 {[%clk 0:04:53]} Rxf3 {[%clk 0:01:13]} 29. Nxf3
{[%clk 0:04:58]} e5 {[%clk 0:01:17]} 30. Rd2 {[%clk 0:04:55]} Rf7
{[%clk 0:01:17]} 31. Red1 {[%clk 0:04:55]} Qe6 {[%clk 0:01:19]} 32. Rd5
{[%clk 0:04:51]} Re7 {[%clk 0:01:16]} 33. c4 {[%clk 0:04:55]} Bd4
{[%clk 0:00:50]} 34. Nxd4 {[%clk 0:04:29]} exd4 {[%clk 0:00:58]} 35. R1xd4
{[%clk 0:04:36]} f3 {[%clk 0:00:55]} 36. Qxf3 {[%clk 0:04:39]} Nxh4
{[%clk 0:00:57]} 37. Qg3+ {[%clk 0:04:44]} Ng6 {[%clk 0:01:05]} 38. f4
{[%clk 0:04:47]} c5 {[%clk 0:00:36]} 39. f5 {[%clk 0:04:45]} Qf6 {[%clk 0:00:26]}
40. Rd6 {[%clk 0:04:53]} 1-0

[Event "Russian Rapid Championship (m)"]
[Site "Sochi"]
[Date "2022.10.15"]
[Round "1.11"]
[White "Danilenko, Denis O."]
[Black "Rozum, Ivan"]
[Result "0-1"]
[BlackElo "2540"]
[WhiteElo "2048"]
[LiveChessVersion "1.4.8"]

1. d4 {[%clk 0:15:16]} Nf6 {[%clk 0:15:15]} 2. c4 {[%clk 0:15:22]} d6
{[%clk 0:15:13]} 3. Nc3 {[%clk 0:15:23]} e5 {[%clk 0:15:21]} 4. d5
{[%clk 0:15:12]} Be7 {[%clk 0:15:09]} 5. e4 {[%clk 0:15:06]} O-O {[%clk 0:15:16]}
6. Be2 {[%clk 0:14:58]} Nbd7 {[%clk 0:14:48]} 7. Be3 {[%clk 0:14:07]} Nc5
{[%clk 0:14:19]} 8. Qc2 {[%clk 0:14:00]} Ng4 {[%clk 0:13:54]} 9. Bxg4
{[%clk 0:13:06]} Bxg4 {[%clk 0:14:02]} 10. f3 {[%clk 0:13:10]} Bc8
{[%clk 0:12:41]} 11. O-O-O {[%clk 0:09:31]} Bg5 {[%clk 0:12:14]} 12. Qd2
{[%clk 0:08:18]} Bxe3 {[%clk 0:12:03]} 13. Qxe3 {[%clk 0:08:23]} f5
{[%clk 0:11:52]} 14. Nge2 {[%clk 0:06:47]} a5 {[%clk 0:11:37]} 15. h3
{[%clk 0:04:39]} Bd7 {[%clk 0:09:16]} 16. b3 {[%clk 0:03:32]} Qf6
{[%clk 0:08:46]} 17. Rdf1 {[%clk 0:01:31]} fxe4 {[%clk 0:08:32]} 18. fxe4
{[%clk 0:01:38]} Qxf1+ {[%clk 0:08:28]} 19. Rxf1 {[%clk 0:01:46]} Rxf1+
{[%clk 0:08:35]} 20. Kd2 {[%clk 0:01:24]} Raf8 {[%clk 0:08:06]} 21. Qg5
{[%clk 0:01:01]} R1f6 {[%clk 0:06:34]} 22. Qg3 {[%clk 0:00:17]} Rg6
{[%clk 0:06:35]} 23. Qh4 {[%clk 0:00:20]} Rxg2 {[%clk 0:06:38]} 24. Qe7
{[%clk 0:00:28]} h6 {[%clk 0:06:27]} 25. Qh4 {[%clk 0:00:18]} Kh7
{[%clk 0:06:10]} 26. Qe7 {[%clk 0:00:19]} Rf3 {[%clk 0:05:06]} 27. Qd8
{[%clk 0:00:13]} c6 {[%clk 0:04:23]} 28. Qxa5 {[%clk 0:00:13]} Bxh3
{[%clk 0:03:44]} 29. Qc7 {[%clk 0:00:17]} cxd5 {[%clk 0:03:23]} 30. Qxd6
{[%clk 0:00:19]} d4 {[%clk 0:03:10]} 31. Qxc5 {[%clk 0:00:15]} dxc3+
{[%clk 0:03:17]} 32. Kd1 {[%clk 0:00:21]} c2+ {[%clk 0:02:50]} 0-1

[Event "Russian Rapid Championship (m)"]
[Site "Sochi"]
[Date "2022.10.15"]
[Round "1.12"]
[White "Pridorozhni, Aleksei"]
[Black "Alpin, Maxim"]
[Result "1-0"]
[BlackElo "2045"]
[WhiteElo "2538"]
[LiveChessVersion "1.4.8"]

1. e4 {[%clk 0:15:17]} c5 {[%clk 0:15:17]} 2. Nf3 {[%clk 0:15:22]} Nc6
{[%clk 0:15:20]} 3. d4 {[%clk 0:15:23]} cxd4 {[%clk 0:15:27]} 4. Nxd4
{[%clk 0:15:31]} Nf6 {[%clk 0:15:34]} 5. Nc3 {[%clk 0:15:39]} e6 {[%clk 0:15:43]}
6. Ndb5 {[%clk 0:15:41]} Bb4 {[%clk 0:15:49]} 7. a3 {[%clk 0:15:46]} Bxc3+
{[%clk 0:15:56]} 8. Nxc3 {[%clk 0:15:55]} d5 {[%clk 0:16:04]} 9. exd5
{[%clk 0:16:03]} exd5 {[%clk 0:16:12]} 10. Bd3 {[%clk 0:15:57]} O-O
{[%clk 0:16:17]} 11. O-O {[%clk 0:16:03]} d4 {[%clk 0:16:26]} 12. Ne4
{[%clk 0:15:53]} Bf5 {[%clk 0:16:33]} 13. Bg5 {[%clk 0:14:25]} Bxe4
{[%clk 0:16:40]} 14. Bxe4 {[%clk 0:14:34]} h6 {[%clk 0:16:49]} 15. Bxf6
{[%clk 0:14:41]} Qxf6 {[%clk 0:16:57]} 16. Re1 {[%clk 0:14:46]} Rac8
{[%clk 0:17:02]} 17. Rc1 {[%clk 0:14:34]} Rfd8 {[%clk 0:16:20]} 18. Qf3
{[%clk 0:14:10]} Qxf3 {[%clk 0:15:57]} 19. Bxf3 {[%clk 0:14:19]} Kf8
{[%clk 0:14:29]} 20. Kf1 {[%clk 0:14:22]} Rc7 {[%clk 0:14:12]} 21. Be2
{[%clk 0:13:06]} Rd5 {[%clk 0:10:46]} 22. Red1 {[%clk 0:11:46]} Rc5
{[%clk 0:09:21]} 23. c3 {[%clk 0:10:52]} dxc3 {[%clk 0:09:01]} 24. b4
{[%clk 0:11:00]} Re5 {[%clk 0:06:48]} 25. Rxc3 {[%clk 0:10:46]} Rce7
{[%clk 0:05:45]} 26. Bf3 {[%clk 0:10:53]} R7e6 {[%clk 0:01:31]} 27. g3
{[%clk 0:10:34]} a5 {[%clk 0:01:23]} 28. bxa5 {[%clk 0:09:37]} Rxa5
{[%clk 0:01:27]} 29. Rd5 {[%clk 0:09:18]} Ra7 {[%clk 0:01:03]} 30. Rd7
{[%clk 0:09:19]} Re7 {[%clk 0:00:39]} 31. Rd6 {[%clk 0:09:15]} Rc7
{[%clk 0:00:25]} 32. h4 {[%clk 0:09:11]} Ra5 {[%clk 0:00:21]} 33. Rd5
{[%clk 0:08:58]} Ra7 {[%clk 0:00:20]} 34. Rdc5 {[%clk 0:09:02]} Ke7
{[%clk 0:00:19]} 35. Be2 {[%clk 0:08:58]} Rd7 {[%clk 0:00:23]} 36. Bb5
{[%clk 0:09:02]} Rd6 {[%clk 0:00:32]} 37. a4 {[%clk 0:08:59]} Kd7
{[%clk 0:00:15]} 38. Kg2 {[%clk 0:08:36]} Ke7 {[%clk 0:00:23]} 39. h5
{[%clk 0:08:41]} Kd7 {[%clk 0:00:26]} 40. g4 {[%clk 0:08:43]} Ke7
{[%clk 0:00:30]} 41. Kg3 {[%clk 0:08:50]} Nd4 {[%clk 0:00:31]} 42. Rc7+
{[%clk 0:08:54]} Kf6 {[%clk 0:00:28]} 43. Re3 {[%clk 0:08:32]} Re6
{[%clk 0:00:18]} 44. Be8 {[%clk 0:08:24]} Rxe3+ {[%clk 0:00:13]} 45. fxe3
{[%clk 0:08:32]} Ne6 {[%clk 0:00:21]} 46. Rxf7+ {[%clk 0:08:37]} Ke5
{[%clk 0:00:30]} 47. Bb5 {[%clk 0:08:21]} Kd6 {[%clk 0:00:31]} 48. Kf2
{[%clk 0:08:05]} Ke5 {[%clk 0:00:30]} 49. Ke2 {[%clk 0:08:06]} Nc5
{[%clk 0:00:13]} 50. Rxg7 {[%clk 0:07:51]} Nxa4 {[%clk 0:00:21]} 51. Bxa4
{[%clk 0:07:59]} Rxa4 {[%clk 0:00:30]} 52. Kf3 {[%clk 0:08:08]} b5
{[%clk 0:00:25]} 53. Rg6 {[%clk 0:08:16]} Rb4 {[%clk 0:00:11]} 54. Rxh6
{[%clk 0:08:21]} Rb1 {[%clk 0:00:20]} 55. Rb6 {[%clk 0:08:27]} b4
{[%clk 0:00:29]} 56. h6 {[%clk 0:08:26]} b3 {[%clk 0:00:38]} 57. g5
{[%clk 0:08:07]} b2 {[%clk 0:00:42]} 58. h7 {[%clk 0:08:13]} Rh1 {[%clk 0:00:46]}
59. g6 {[%clk 0:08:20]} Rh6 {[%clk 0:00:26]} 60. Rxb2 {[%clk 0:08:26]} Ke4+ 61.
Kxe4 1-0

[Event "Russian Rapid Championship (m)"]
[Site "Sochi"]
[Date "2022.10.15"]
[Round "1.13"]
[White "Kolchin, Maxim"]
[Black "Afanasiev, Nikita"]
[Result "0-1"]
[BlackElo "2535"]
[WhiteElo "2042"]
[LiveChessVersion "1.4.8"]

1. d4 {[%clk 0:15:17]} g6 {[%clk 0:15:17]} 2. Nf3 {[%clk 0:15:24]} Bg7
{[%clk 0:15:26]} 3. Bg5 {[%clk 0:15:31]} h6 {[%clk 0:15:29]} 4. Bh4
{[%clk 0:15:37]} c5 {[%clk 0:15:35]} 5. c3 {[%clk 0:15:41]} Qb6 {[%clk 0:15:18]}
6. Qb3 {[%clk 0:15:37]} Nc6 {[%clk 0:14:56]} 7. e3 {[%clk 0:15:37]} d5
{[%clk 0:14:52]} 8. Nbd2 {[%clk 0:15:19]} c4 {[%clk 0:14:57]} 9. Qxb6
{[%clk 0:15:24]} axb6 {[%clk 0:15:05]} 10. e4 {[%clk 0:15:04]} e6
{[%clk 0:15:14]} 11. a3 {[%clk 0:12:29]} b5 {[%clk 0:15:16]} 12. Rd1
{[%clk 0:10:11]} Nf6 {[%clk 0:15:01]} 13. e5 {[%clk 0:09:15]} Nd7
{[%clk 0:13:45]} 14. Be2 {[%clk 0:09:23]} O-O {[%clk 0:13:49]} 15. O-O
{[%clk 0:09:30]} f5 {[%clk 0:12:06]} 16. exf6 {[%clk 0:09:33]} Nxf6
{[%clk 0:12:06]} 17. Rde1 {[%clk 0:08:41]} Nh5 {[%clk 0:11:16]} 18. Bd1
{[%clk 0:08:25]} g5 {[%clk 0:11:23]} 19. Bg3 {[%clk 0:08:33]} Nxg3
{[%clk 0:11:29]} 20. hxg3 {[%clk 0:08:42]} Bd7 {[%clk 0:11:09]} 21. Bc2
{[%clk 0:08:46]} Bf6 {[%clk 0:10:57]} 22. Re2 {[%clk 0:08:30]} Kg7
{[%clk 0:10:15]} 23. Rfe1 {[%clk 0:08:39]} g4 {[%clk 0:10:23]} 24. Nh2
{[%clk 0:08:44]} h5 {[%clk 0:10:19]} 25. f3 {[%clk 0:07:58]} gxf3
{[%clk 0:10:14]} 26. gxf3 {[%clk 0:08:05]} h4 {[%clk 0:10:13]} 27. gxh4
{[%clk 0:07:24]} Bxh4 {[%clk 0:10:03]} 28. Rg2+ {[%clk 0:07:32]} Kf7
{[%clk 0:10:06]} 29. Ree2 {[%clk 0:07:38]} Ke7 {[%clk 0:09:47]} 30. Rg7+
{[%clk 0:07:21]} Rf7 {[%clk 0:09:49]} 31. Reg2 {[%clk 0:07:28]} e5
{[%clk 0:08:26]} 32. dxe5 {[%clk 0:06:48]} Nxe5 {[%clk 0:08:35]} 33. Ndf1
{[%clk 0:06:57]} Rxg7 {[%clk 0:06:27]} 34. Rxg7+ {[%clk 0:07:04]} Kf6
{[%clk 0:06:35]} 35. Rg2 {[%clk 0:06:52]} Bg5 {[%clk 0:06:44]} 36. Ng3
{[%clk 0:06:30]} Be3+ {[%clk 0:06:15]} 37. Kh1 {[%clk 0:06:29]} Rh8
{[%clk 0:06:20]} 38. Ne2 {[%clk 0:06:26]} Nxf3 {[%clk 0:05:50]} 39. Bd1
{[%clk 0:02:31]} Ke5 {[%clk 0:05:40]} 40. Ng3 {[%clk 0:02:06]} Rxh2+
{[%clk 0:05:43]} 41. Rxh2 {[%clk 0:02:14]} Nxh2 {[%clk 0:05:51]} 42. Kxh2
{[%clk 0:02:22]} Bc1 {[%clk 0:06:00]} 0-1

[Event "Russian Rapid Championship (m)"]
[Site "Sochi"]
[Date "2022.10.15"]
[Round "1.14"]
[White "Alekseev, Evgeny"]
[Black "Akhmedov, David"]
[Result "1-0"]
[BlackElo "2029"]
[WhiteElo "2533"]
[LiveChessVersion "1.4.8"]

1. e4 {[%clk 0:15:17]} c5 {[%clk 0:15:20]} 2. Nf3 {[%clk 0:15:26]} e6
{[%clk 0:15:29]} 3. d4 {[%clk 0:15:33]} cxd4 {[%clk 0:15:37]} 4. Nxd4
{[%clk 0:15:41]} Nf6 {[%clk 0:15:46]} 5. Nc3 {[%clk 0:15:49]} Nc6
{[%clk 0:15:54]} 6. Ndb5 {[%clk 0:15:55]} d6 {[%clk 0:16:03]} 7. Bf4
{[%clk 0:16:01]} e5 {[%clk 0:16:12]} 8. Bg5 {[%clk 0:16:09]} a6 {[%clk 0:16:20]}
9. Na3 {[%clk 0:16:17]} b5 {[%clk 0:16:29]} 10. Nd5 {[%clk 0:16:24]} Be7
{[%clk 0:16:38]} 11. Bxf6 {[%clk 0:16:31]} Bxf6 {[%clk 0:16:46]} 12. c4
{[%clk 0:16:39]} b4 {[%clk 0:16:28]} 13. Nc2 {[%clk 0:16:48]} O-O
{[%clk 0:16:36]} 14. g3 {[%clk 0:16:33]} Bg5 {[%clk 0:16:35]} 15. h4
{[%clk 0:16:27]} Bh6 {[%clk 0:16:43]} 16. Bh3 {[%clk 0:16:18]} Be6
{[%clk 0:16:26]} 17. Kf1 {[%clk 0:15:25]} a5 {[%clk 0:15:43]} 18. Kg2
{[%clk 0:15:13]} g6 {[%clk 0:14:21]} 19. h5 {[%clk 0:14:01]} Bg7 {[%clk 0:13:46]}
20. hxg6 {[%clk 0:13:35]} hxg6 {[%clk 0:13:14]} 21. Qd3 {[%clk 0:13:00]} Nb8
{[%clk 0:10:42]} 22. Nde3 {[%clk 0:10:31]} Na6 {[%clk 0:09:47]} 23. Bxe6
{[%clk 0:09:07]} fxe6 {[%clk 0:09:54]} 24. Ng4 {[%clk 0:08:42]} Qg5
{[%clk 0:07:52]} 25. Nce3 {[%clk 0:07:07]} Rad8 {[%clk 0:07:55]} 26. Rh4
{[%clk 0:05:59]} Nc5 {[%clk 0:07:31]} 27. Qc2 {[%clk 0:06:07]} Rd7
{[%clk 0:05:53]} 28. f3 {[%clk 0:03:10]} Rdf7 {[%clk 0:04:22]} 29. Rf1
{[%clk 0:03:18]} b3 {[%clk 0:02:14]} 30. axb3 {[%clk 0:03:26]} Rb7
{[%clk 0:02:21]} 31. Qd2 {[%clk 0:02:24]} Nxb3 {[%clk 0:01:33]} 32. Qxd6
{[%clk 0:02:33]} Nd4 {[%clk 0:01:42]} 33. c5 {[%clk 0:01:13]} Rxb2+
{[%clk 0:01:08]} 34. Kh1 {[%clk 0:00:21]} Rb3 {[%clk 0:00:29]} 35. c6
{[%clk 0:00:15]} Rxe3 {[%clk 0:00:17]} 36. Nxe3 {[%clk 0:00:24]} Qxe3
{[%clk 0:00:26]} 37. c7 {[%clk 0:00:27]} Qe2 {[%clk 0:00:27]} 38. Kg1
{[%clk 0:00:23]} Nxf3+ {[%clk 0:00:31]} 39. Rxf3 {[%clk 0:00:32]} Qxf3
{[%clk 0:00:40]} 40. Qxe6+ {[%clk 0:00:37]} Qf7 {[%clk 0:00:22]} 41. c8=Q
{[%clk 0:00:40]} Rxc8 {[%clk 0:00:30]} 42. Qxc8+ {[%clk 0:00:49]} Bf8
{[%clk 0:00:39]} 43. Rh2 {[%clk 0:00:30]} Qb3 {[%clk 0:00:33]} 44. Kg2
{[%clk 0:00:19]} Qb2+ {[%clk 0:00:13]} 45. Kh3 {[%clk 0:00:25]} Qa1
{[%clk 0:00:14]} 46. Qe6+ {[%clk 0:00:26]} Kg7 {[%clk 0:00:23]} 47. Qd7+
{[%clk 0:00:35]} Kg8 {[%clk 0:00:30]} 48. Kg4 {[%clk 0:00:28]} Be7
{[%clk 0:00:25]} 49. Qe8+ {[%clk 0:00:27]} Bf8 {[%clk 0:00:26]} 50. Qxg6+
{[%clk 0:00:33]} Bg7 {[%clk 0:00:35]} 51. Qe6+ {[%clk 0:00:41]} Kf8
{[%clk 0:00:43]} 52. Rf2+ {[%clk 0:00:49]} 1-0

[Event "Russian Rapid Championship (m)"]
[Site "Sochi"]
[Date "2022.10.15"]
[Round "1.15"]
[White "Shakirov, Marat"]
[Black "Turov, Maxim"]
[Result "0-1"]
[BlackElo "2528"]
[WhiteElo "2028"]
[LiveChessVersion "1.4.8"]

1. d4 {[%clk 0:15:17]} Nf6 {[%clk 0:15:19]} 2. c4 {[%clk 0:15:26]} g6
{[%clk 0:15:25]} 3. Nc3 {[%clk 0:15:34]} d5 {[%clk 0:15:34]} 4. cxd5
{[%clk 0:15:42]} Nxd5 {[%clk 0:15:43]} 5. Bd2 {[%clk 0:15:49]} Bg7
{[%clk 0:15:35]} 6. e4 {[%clk 0:15:57]} Nxc3 {[%clk 0:15:44]} 7. Bxc3
{[%clk 0:16:05]} O-O {[%clk 0:15:45]} 8. Rc1 {[%clk 0:16:11]} Nc6
{[%clk 0:14:01]} 9. d5 {[%clk 0:12:47]} Nb8 {[%clk 0:13:47]} 10. Bxg7
{[%clk 0:12:44]} Kxg7 {[%clk 0:13:55]} 11. h4 {[%clk 0:11:43]} h5
{[%clk 0:11:42]} 12. Be2 {[%clk 0:10:15]} c6 {[%clk 0:11:26]} 13. g4
{[%clk 0:08:14]} cxd5 {[%clk 0:10:13]} 14. Qd4+ {[%clk 0:08:06]} f6
{[%clk 0:09:15]} 15. gxh5 {[%clk 0:08:04]} dxe4 {[%clk 0:07:55]} 16. Qxe4
{[%clk 0:07:58]} Bf5 {[%clk 0:08:03]} 17. Qe3 {[%clk 0:05:50]} Nc6
{[%clk 0:06:42]} 18. hxg6 {[%clk 0:05:33]} Bxg6 {[%clk 0:05:48]} 19. Nh3
{[%clk 0:03:41]} Qd4 {[%clk 0:04:23]} 20. Nf4 {[%clk 0:00:53]} Qxe3
{[%clk 0:03:25]} 21. fxe3 {[%clk 0:01:02]} Bf7 {[%clk 0:03:34]} 22. Kf2
{[%clk 0:00:39]} e5 {[%clk 0:03:11]} 23. Rcg1+ {[%clk 0:00:24]} Kh6
{[%clk 0:03:13]} 24. Nh3 {[%clk 0:00:18]} Bxa2 {[%clk 0:03:14]} 25. Bd3
{[%clk 0:00:15]} Rg8 {[%clk 0:03:17]} 26. Ke2 {[%clk 0:00:19]} Bd5
{[%clk 0:03:14]} 27. Rxg8 {[%clk 0:00:16]} Rxg8 {[%clk 0:03:21]} 28. Rd1
{[%clk 0:00:19]} Rg3 {[%clk 0:01:49]} 29. Bf5 {[%clk 0:00:28]} Ne7 0-1

[Event "Russian Rapid Championship (m)"]
[Site "Sochi"]
[Date "2022.10.15"]
[Round "1.16"]
[White "Ponkratov, Pavel"]
[Black "Savvopulo, Anatolij"]
[Result "1-0"]
[BlackElo "2028"]
[WhiteElo "2518"]
[LiveChessVersion "1.4.8"]

1. g3 {[%clk 0:15:17]} c5 {[%clk 0:14:34]} 2. Bg2 {[%clk 0:15:21]} Nc6
{[%clk 0:14:40]} 3. Nf3 {[%clk 0:15:27]} Nf6 {[%clk 0:14:08]} 4. O-O
{[%clk 0:15:31]} g6 {[%clk 0:14:14]} 5. d4 {[%clk 0:15:34]} cxd4 {[%clk 0:13:59]}
6. Nxd4 {[%clk 0:15:42]} Bg7 {[%clk 0:14:07]} 7. c4 {[%clk 0:15:34]} O-O
{[%clk 0:14:13]} 8. Nc3 {[%clk 0:15:42]} Nxd4 {[%clk 0:13:37]} 9. Qxd4
{[%clk 0:15:49]} d6 {[%clk 0:13:31]} 10. Rd1 {[%clk 0:15:55]} Qc7
{[%clk 0:13:13]} 11. Nb5 {[%clk 0:15:35]} Qb8 {[%clk 0:12:24]} 12. Qh4
{[%clk 0:15:42]} a6 {[%clk 0:12:22]} 13. Nd4 {[%clk 0:15:50]} Qc7
{[%clk 0:12:27]} 14. b3 {[%clk 0:15:59]} Bd7 {[%clk 0:12:24]} 15. Bh6
{[%clk 0:16:04]} Bc6 {[%clk 0:12:10]} 16. Bxg7 {[%clk 0:15:40]} Kxg7
{[%clk 0:12:17]} 17. e4 {[%clk 0:15:45]} h6 {[%clk 0:10:51]} 18. Nxc6
{[%clk 0:11:27]} bxc6 {[%clk 0:10:58]} 19. Qf4 {[%clk 0:11:36]} Nd7
{[%clk 0:09:13]} 20. b4 {[%clk 0:11:31]} c5 {[%clk 0:08:58]} 21. e5
{[%clk 0:11:38]} dxe5 {[%clk 0:05:03]} 22. Qd2 {[%clk 0:11:46]} Rad8
{[%clk 0:05:03]} 23. b5 {[%clk 0:11:55]} a5 {[%clk 0:05:01]} 24. Qc3
{[%clk 0:11:25]} e6 {[%clk 0:04:43]} 25. Rab1 {[%clk 0:11:24]} Qb6
{[%clk 0:04:38]} 26. Bc6 {[%clk 0:11:30]} Qc7 {[%clk 0:03:23]} 27. Bxd7
{[%clk 0:11:35]} Rxd7 {[%clk 0:03:32]} 28. Rxd7 {[%clk 0:11:43]} Qxd7
{[%clk 0:03:41]} 29. Qxe5+ {[%clk 0:11:51]} Kg8 {[%clk 0:03:43]} 30. b6
{[%clk 0:11:40]} f6 {[%clk 0:03:26]} 31. Qxc5 {[%clk 0:11:45]} Qd3
{[%clk 0:03:18]} 32. Rb3 {[%clk 0:11:38]} Qd7 {[%clk 0:02:52]} 33. Qxf8+
{[%clk 0:11:36]} Kxf8 {[%clk 0:02:57]} 34. b7 {[%clk 0:11:45]} 1-0

[Event "Russian Rapid Championship (m)"]
[Site "Sochi"]
[Date "2022.10.15"]
[Round "1.17"]
[White "Fedosov, Alexander"]
[Black "Zvjaginsev, Vadim"]
[Result "0-1"]
[BlackElo "2498"]
[WhiteElo "2027"]
[LiveChessVersion "1.4.8"]

1. d4 {[%clk 0:15:18]} g6 {[%clk 0:15:12]} 2. Nf3 {[%clk 0:15:17]} Bg7
{[%clk 0:15:16]} 3. g3 {[%clk 0:15:22]} c5 {[%clk 0:15:22]} 4. Bg2
{[%clk 0:15:09]} cxd4 {[%clk 0:15:29]} 5. Nxd4 {[%clk 0:15:17]} Nc6
{[%clk 0:15:37]} 6. Nb3 {[%clk 0:14:32]} d6 {[%clk 0:15:33]} 7. O-O
{[%clk 0:14:35]} Be6 {[%clk 0:15:36]} 8. c3 {[%clk 0:13:45]} Qd7 {[%clk 0:15:22]}
9. Nd4 {[%clk 0:12:44]} Bh3 {[%clk 0:14:52]} 10. Nf3 {[%clk 0:09:50]} Nf6
{[%clk 0:14:45]} 11. Nbd2 {[%clk 0:09:48]} d5 {[%clk 0:13:26]} 12. Nb3
{[%clk 0:08:17]} Bxg2 {[%clk 0:12:26]} 13. Kxg2 {[%clk 0:08:24]} e5
{[%clk 0:12:30]} 14. Bg5 {[%clk 0:06:30]} Ne4 {[%clk 0:12:28]} 15. Be3
{[%clk 0:06:01]} O-O {[%clk 0:11:47]} 16. Nc5 {[%clk 0:06:04]} Nxc5
{[%clk 0:11:47]} 17. Bxc5 {[%clk 0:06:13]} Rfd8 {[%clk 0:11:47]} 18. Qd2
{[%clk 0:05:16]} d4 {[%clk 0:10:46]} 19. cxd4 {[%clk 0:03:11]} e4
{[%clk 0:10:43]} 20. Ng5 {[%clk 0:02:47]} Qd5 {[%clk 0:09:57]} 21. Qf4
{[%clk 0:01:49]} b6 {[%clk 0:09:39]} 22. Ba3 {[%clk 0:01:29]} h6 {[%clk 0:07:29]}
23. Qxe4 {[%clk 0:00:15]} hxg5 {[%clk 0:07:25]} 24. Qxd5 {[%clk 0:00:23]} Rxd5
{[%clk 0:07:32]} 25. e3 {[%clk 0:00:32]} Bf8 {[%clk 0:05:54]} 26. Bxf8
{[%clk 0:00:23]} Kxf8 {[%clk 0:06:02]} 27. Rac1 {[%clk 0:00:31]} Nd8
{[%clk 0:05:24]} 28. Rc3 {[%clk 0:00:15]} Ne6 {[%clk 0:05:24]} 29. Rfc1
{[%clk 0:00:23]} Ke7 {[%clk 0:05:33]} 30. Kf3 {[%clk 0:00:12]} f5
{[%clk 0:05:33]} 31. Rc8 {[%clk 0:00:20]} g4+ {[%clk 0:05:33]} 32. Ke2
{[%clk 0:00:26]} Rxc8 {[%clk 0:03:09]} 33. Rxc8 {[%clk 0:00:35]} Ra5
{[%clk 0:03:17]} 34. a3 {[%clk 0:00:23]} Rb5 {[%clk 0:03:25]} 35. b4
{[%clk 0:00:13]} a5 {[%clk 0:03:34]} 36. Rc4 {[%clk 0:00:11]} axb4
{[%clk 0:03:31]} 37. axb4 {[%clk 0:00:19]} Kd6 {[%clk 0:03:28]} 38. Kd3
{[%clk 0:00:26]} Ng5 {[%clk 0:03:22]} 39. Rc8 {[%clk 0:00:11]} Rxb4
{[%clk 0:03:12]} 40. Rg8 {[%clk 0:00:16]} Ne4 {[%clk 0:03:13]} 41. Rxg6+
{[%clk 0:00:14]} Kd5 {[%clk 0:03:21]} 42. Rg8 {[%clk 0:00:15]} Rb2
{[%clk 0:02:34]} 43. Rd8+ {[%clk 0:00:21]} Kc6 {[%clk 0:02:39]} 44. d5+ 0-1